QUEST Central Library Banner

Shah Abdul Karim (Record no. 10160)

MARC details
000 -LEADER
fixed length control field 00183nam a2200097 4500
082 ## - DEWEY DECIMAL CLASSIFICATION NUMBER
Classification number MOT
100 ## - MAIN ENTRY--AUTHOR NAME
Personal name Motilal
245 ## - TITLE STATEMENT
Title Shah Abdul Karim
260 ## - PUBLICATION, DISTRIBUTION, ETC. (IMPRINT)
Place of publication Karachi:
Year of publication 1986.
942 ## - ADDED ENTRY ELEMENTS (KOHA)
Koha item type Books
Holdings
Withdrawn status Lost status Collection code Home library Current library Date acquired Full call number Accession Number Koha item type
    Reference Reference Section Reference Section 18/09/2014 MOT (Shelf - 20A) 15699 Books

Copyright © 2018,The QUEST, Nawabshah, Shaheed Benazirabad. All rights reserved
Mr. G. Farooq Channar (Librarian) QUEST, Nawabshah, Sindh, Pakistan 67480.
 Ph#: |   0244-9370381-4 Ext. 2308   Email| lib@quest.edu.pk   Web|  http://www.quest.edu.pk